00236nam a2200097Ia 4500008004100000100001700041245003700058260002600095260000900121300000800130170620s9999 xx 000 0 und d aKumar-Hajira 0aTheories in Social Work Practice bNew delhi.Friends Pub c1995 a206